The myths of Greece & Rome /

محفوظ في:

المؤلف الرئيسي: Guerber, H.A. 1859-1929 (مؤلف)

مؤلفون آخرون: Stuart, Dorothy Margaret.

التنسيق: كتاب

اللغة: English

منشور في: London : G. G. Harrap, 1943.

الموضوعات:

الوسوم: إضافة وسم

لا توجد وسوم, كن أول من يضع وسما على هذه التسجيلة!

رقم الطلب: BL721 .G8 1943

LEADER 00852nam a2200265Ii 4500
001 6231
003 OSt
005 20250901132241.0
008 130303s1943 enkab 001 0 eng d
035 |a ocm06721098 
040 |c ARCE Library 
043 |a e-gr--- 
050 4 |a BL721 .G8 1943 
100 1 |a Guerber, H.A.  |q (Hélène Adeline),  |d 1859-1929,  |e author  |9 31184 
245 1 4 |a The myths of Greece & Rome /  |c by H.A. Guerber ; revision by Dorothy Margaret Stuart. 
264 1 |a London :  |b G. G. Harrap,  |c 1943. 
300 |a 316 pages :  |b illustrations, maps ;  |c 22 cm. 
500 |a "New edition, revised, first published 1938, reset and reprinted June 1943." 
500 |a Includes index. 
650 0 |a Legends  |z Greece. 
650 0 |a Mythology, Classical. 
700 1 |a Stuart, Dorothy Margaret. 
901 |a reviewed 
942 |c BK  |2 lcc 
999 |c 4892  |d 4892